KFZ-Kennzeichen - Baden-Württemberg - Statistiken

Allgemein
  • Dieses Quiz wurde 661 mal gespielt
  • Das Durchschnittsergebnis liegt bei 38 aus 60
Antwortstatistiken
Hint Antwort % Korrekt
S Stuttgart
93%
KA Karlsruhe
92%
BAD Baden-Baden
90%
BB Böblingen
90%
AA Ostalbkreis
90%
FR Freiburg (Breisgau)
89%
TUT Tuttlingen
87%
ES Esslingen
86%
HD Heidelberg
86%
Lörrach
86%
PF Pforzheim
85%
Tübingen
85%
CW Calw
83%
MA Mannheim
83%
RV Ravensburg
83%
UL Ulm
83%
HDH Heidenheim
80%
RT Reutlingen
80%
GP Göppingen
79%
HN Heilbronn
79%
LEO Leonberg
79%
LB Ludwigsburg
76%
SIG Sigmaringen
76%
VS Schwarzwald-Baar-Kreis
75%
KN Konstanz
72%
FDS Freudenstadt
71%
FN Bodenseekreis
69%
RA Rastatt
69%
VAI Vaihingen (Enz)
69%
MOS Neckar-Odenwald-Kreis
68%
RW Rottweil
67%
EM Emmendingen
65%
ÜB Überlingen
65%
BC Biberach
64%
OG Ortenaukreis
63%
ÖHR Öhringen
62%
SHA Schwäbisch Hall
62%
NT Nürtingen
61%
KÜN Hohenlohekreis
59%
KEL Kehl
59%
BL Zollernalbkreis
58%
CR Crailsheim
57%
TBB Main-Tauber-Kreis
57%
HOR Horb am Neckar
52%
WN Rems-Murr-Kreis
47%
LR Lahr
46%
BK Backnang
45%
GD Schwäbisch-Gmünd
45%
BÜS Büsingen
42%
HCH Hechingen
42%
SÄK Säckingen
38%
MGH Bad Mergentheim
37%
WT Waldshut-Tiengen
35%
TT Tettnang
33%
BCH Buchen
32%
BH Bühl
29%
STO Stockach
28%
WG Wangen
25%
WOL Wolfach
23%
SLG Bad Saulgau
19%
Keine übereinstimmenden Quizze gefunden
Verteilung der Resultate
Anzahl Personen mit jedem Resultat
Perzentil nach korrekt beantworteten Fragen
Ihre Resultats-Entwicklung
Sie haben dieses Quiz noch nicht gespielt